2837-岸和田市(大阪府)の駅 - Statistics

General Stats
  • This quiz has been taken 9 times
  • The average score is 6 of 7
Answer Stats
Answer % Correct
春木
100%
岸和田
100%
蛸地蔵
89%
久米田
89%
東岸和田
89%
和泉大宮
78%
下松
67%
No matching quizzes found
Score Distribution
Percent of People with Each Score
Percentile by Number Answered
Your Score History
You have not taken this quiz